| 000 | 00847nam a2200265 a 4500 | ||
|---|---|---|---|
| 005 | 20140310183529.0 | ||
| 008 | 111011s19uu xx 00 eng d | ||
| 010 | _a2010530452 | ||
| 020 | _a9780415601481 | ||
| 050 |
_aLC 3989 _b.L67 2010 |
||
| 100 | _aLoreman, Tim | ||
| 245 |
_aInclusive education : _bsupporting diversity in the classroom / _cTim Loreman, Joanne Deppeler, and David Harvey. |
||
| 250 | _a2nd ed. | ||
| 260 |
_aLondon ; New York : _bRoutledge, _c2010. |
||
| 300 |
_axviii, 301 p. : _bill. ; _c23 cm. |
||
| 500 | _aIncludes bibliographical references (p. [275]-299) and index. | ||
| 521 | _aEDU | ||
| 650 | _aInclusive education | ||
| 650 | _aSpecial education | ||
| 650 | _aMainstreaming in education | ||
| 700 | _aDeppeler, Joanne, 1951- | ||
| 700 | _aHarvey, David. | ||
| 942 |
_cBK _2lcc _kFOR |
||
| 999 |
_c24589 _d24589 |
||